000 00323pab a2200145 454500
008 180718b1986 xxu||||| |||| 00| 0 eng d
100 _aAmte, Baba
245 _aTerrorism turning against terrorists
260 _c1986
300 _a12-4
362 _aOct.
650 _aTerrorism
773 _aParlance
909 _a19281
999 _c19281
_d19281